[Event "Newfoundland-ch"]
[Site "Portugal Cove "]
[Date "2013.04.21"]
[Round "5"]
[White "MacIsaac, Ray"]
[Black "Cole, Dustin"]
[Result "1/2-1/2"]
[WhiteElo "1676"]
[BlackElo "1907"]
[PlyCount "111"]
[EventDate "2013.04.19"]
[EventType "swiss"]
[EventRounds "5"]
[EventCountry "CAN"]
[SourceTitle "EXT 2014"]
[Source "ChessBase"]
[SourceDate "2013.11.20"]
[SourceVersion "1"]
[SourceVersionDate "2013.11.20"]
[SourceQuality "1"]

1. e4 c5 2. Nf3 d6 3. b3 e5 4. Bc4 h6 5. Bb2 Nf6 6. Qe2 Nc6 7. h3 Be7 8. Nc3 a6 9. a4 Nb4 10. d3 Bd7 11. 0-0 0-0 12. Nd5 Nbxd5 13. Bxd5 Nxd5 14. exd5 f5 15. Nd2 f4 16. f3 Rb8 17. a5 Qe8 18. Ne4 Qg6 19. Kh1 Rf5 20. Bc3 Bh4 21. Be1 Bxe1 22. Qxe1 Rh5 23. Rf2 Rf8 24. Ra2 Bf5 25. c4 Bxe4 26. dxe4 Qe8 27. b4 Qd7 28. bxc5 dxc5 29. Rab2 Rb8 30. Rb6 Qa4 31. Qc3 Qd7 32. Qd3 Qa4 33. Qc3 Qd7 34. Kg1 Rg5 35. Kf1 Qd8 36. Rd2 Rh5 37. d6 Qd7 38. Qd3 Kh7 39. Rdb2 Rh4 40. Qa3 Rh5 41. Qxc5 Rxh3 42. gxh3 Qxh3+ 43. Ke2 Rc8 44. Qf2 Rxc4 45. Rxb7 Qh1 46. Rd2 Rxe4+ 47. fxe4 Qxe4+ 48. Kf1 Qh1+ 49. Qg1 Qf3+ 50. Ke1 Qxb7 51. d7 Qe4+ 52. Kf1 Qf3+ 53. Qf2 Qh1+ 54. Ke2 Qe4+ 55. Kf1 Qh1+ 56. Ke2 1/2-1/2